000 00433nam a2200181Ia 4500
003 GCL
008 140319s9999 xx 000 0 eng d
040 _aGCL /
_cGCL
082 0 4 _a843
_bP B
100 1 _aPERRET, JACQUES
245 1 0 _aBANDE A PART /
_cPERRET, JACQUES
260 _a[S.N] :
_bFOLIO
300 _a215 P
490 _aCOLLECTION FOLIO
_v0
650 0 4 _aLITERATURE
650 0 4 _aFRENCH LITERATURE
942 _2ddc
_cBK
999 _c21835
_d21835